000
00353nam a2200157 4500
008
190329s1995||||xo d
100
1
_a
Stoppardová Miriam
_9
1016
245
1
0
_a
Menopauza
250
_a
1.vydanie
260
_b
INA
_a
Bratislava
_c
1995
300
_a
224 s.
020
_a
224 s.
041
1
_a
slo
044
_a
xo
_c
SK
958
_a
APR
999
_c
22286
_d
22286